Quizzes
Events
Quiz Creation
Community
Videos
Private Events
Remove Ads
Sign In
Join for FREE
Feedback
Dark Mode
Quiz Categories
Sports
Geography
Music
Movies
Television
Just For Fun
Miscellaneous
History
Literature
Language
Science
Gaming
Entertainment
Religion
Holiday
For Kids
Quiz Lab
Recent
Popular Today
Quiz Kudos Today
Editor Picks
Curator Picks
Quizzes by...
Day
Popularity
Type
Ratings
Length
Year
Community
Subscriptions
Recent Discussions
Orange Saloon
Badges
Playlists
Quests
Create
Leaderboards
Showdown
Live 5
Trivia Bingo
Activity
Puzzle Library
Sporcle Events
Private Events
Virtual Trivia
Globe League
Become a Host
Pub Owners
SporcleCon
Opinionation
Our Games
Videos
Blog
Mobile Apps
Partnerships
Remove Ads and Go Orange
Feedback
Holiday
Halloween
Christmas
Holiday Songs
April Fools'
Thanksgiving
Valentine's Day
Easter
St Patrick's Day
National Holiday
Religious Holiday
Holiday
Halloween
Christmas
Holiday Songs
April Fools'
Thanksgiving
Valentine's Day
Easter
St Patrick's Day
National Holiday
Religious Holiday
Random Quiz
Search Sporcle
×
Quiz Lab
Quiz Lab
Holiday
Halloween
Type in answers that appear in a list
Type in answers that appear in a list
Classic
Best Score? Go Orange.
Popular Halloween Costumes Stats
Can you name the The Most Popular Halloween Costumes of 2009?
By
Aoxomoxoa
8m
8 Questions
376 Plays
376 Plays
376 Plays
Comments
Comments
Give Quiz Kudos
Give Quiz Kudos
-
- Ratings
hide this ad
Replay
Link that replays current quiz
Next Quiz
Link to next quiz in quiz playlist
You Got
0%
They Got
Avg Score
25%
Avg Friend Score
Upgrade to see
Score Distribution
Jump to the score distribution portion of the page
Score
0/8
Timer
08:00
0
Plays Today
Rank
Costume
% Correct
3.
Vampire
72.1%
6.
Zombie
37.8%
4.
Miley Cyrus
31.6%
2.
Harry Potter
25.8%
1.
Michael Jackson
18.4%
5.
Star Trek
7.4%
8.
Hermione Granger
7.4%
7.
G.I. Joe Ninja
6.1%
Quiz Playlist
Details
Report
Send in Message
Add To Playlist
Classic:
Type in answers that appear in a list
Quiz Source
Last Updated: Feb 16, 2017
Quiz Scoreboard
CHALLENGE
Sign Up to Join the Scoreboard
Show All
Scores
Hide
Comments
May contain spoilers
Recently Published
College Basketball Coaching Resumes
by pancakes188
Sports
9m
Billboard Blitz: Fleetwood Mac
by CooCooCachoo
Music
15s
Presidents Visiting Landmarks
by Hejman
History
7m
More to Explore
Quiz From the Vault
Featured Blog Post
Where Did the Easter Bunny Come From?
hide this ad
You Might Also Like...
Tags
Halloween Quiz
Popular Quiz
2009
costume
Most
Today's Top Quizzes in Holiday
Browse Holiday
hide this ad
Today's Top Quizzes in Halloween
Browse Halloween
Top Contributed Quizzes in Holiday
1
5-to-1: Holiday Songs
2
5-to-1: Thanksgiving
3
Easter - Did You Know?
4
Word Ladder: Four Leaf Clover
5
Show What You Know: US Federal Holidays
6
Slices of Holidays
7
3-per Word Ladder: Listen Up!
8
A 50/50 Shot: Christmas Edition
9
The Holiday Category, A to Z
10
Holidays Spelling Bee
Explore More
Trending Topics
Harry Potter
Anime
Marvel
Crossword
NBA
Kpop
Disney
Pokémon
NFL
Song
Country
Soccer
WWE
Puzzle
The Office
hide this ad
More By:
Aoxomoxoa
Quiz
Plays
Rating
Category
Featured
Created
Spanish Vocab
1,185
3.00
Language
Nov 11, 2009
Most Dangerous Colleges
806
1.89
Miscellaneous
Sep 27, 2009
Led Zeppelin Facts
608
4.17
Music
Dec 21, 2010
Joni Mitchell-Blue
492
5.00
Music
Dec 19, 2010
Rock Band Initials
401
2.00
Music
Nov 1, 2009
Go to Creator's Profile
Score Distribution
Quiz Creator Spotlight
Aoxomoxoa
Follow
Send a Message
Quizzes Created
-
Created Quiz Play Count
-
More By This Creator
Popular Quizzes Today
1
Find the US States - No Outlines Minefield
2
Find the Countries of Europe - No Outlines Minefield
3
The Countries of the World
4
Find the US States
5
Risky Map Clicking: Biggest States A-Z
6
US States
7
Popular People in 1961
8
Movies - When Are They Set?
More Holiday Quizzes
'Jingle Bell Rock' Lyrics
Published
Trending Quizzes
Risky Map Clicking: Least Populous States A-Z
1-10 Letter G Words
1-10 Letter F Words
Risky Map Clicking: Next State Alphabetically
Risky Map Clicking: Biggest States A-Z
Recently Updated
Leaping Animals
pecheneg
Reality TV Shows (A-Z)
bhenderson79
Rickey Henderson's Hall of Fame Teammates
pecheneg
Champions League XIs: Arsenal
pecheneg
Quick Pick: Celebrities in WWE's Hall of Fame
aduchscher
A-Z Keypad Blitz II
pecheneg
Multiple Oscar Actors
pecheneg
Mystery Phrase Blitz: Oscar 'Best Actors'
pecheneg
F. Scott Fitzgerald Novels
LTH
Pick 3 Villains
ddd62291
Trending Topics
Harry Potter
Crossword
Disney
Marvel
Anime
NBA
Kpop
Country
WWE
The Office
Soccer
Song
Pokémon
Puzzle
NFL
Your Account Isn't Verified!
In order to create a playlist on Sporcle, you need to verify the email address you used during registration. Go to your
Sporcle Settings
to finish the process.
Report this User
Report this user for behavior that violates our
Community Guidelines
.
Details:
Send Report
Go to the Sporcle.com Mobile Site →
Comments